000 00478nam a2200181 i 4500
001 22042
003 ES-MaACL
005 20250702063036.0
007 t|
008 021129s1971 sp ||||1| spa d
100 1 _aAlfaya, Javier,
_d1939-2018
_919827
245 1 0 _aTransición /
_cJavier Alfaya.
250 _a[1ª ed.].
260 _a[Madrid] :
_bHelios,
_c[1971]
300 _a60 p. ;
_c17 cm.
852 _aES-MaACL
_jC-40819
_bR.77194
999 _c22042
_d22042